00532 2200193 4500001002100000005001500021008004100036020002500077035001900102041000700121082001200128090001600140100002000156245008400176260002400260300002700284500001100311650001600322INLIS00000000000176520241224112418241224||||||||| | ||| |||| || |  aISBN 978-979-3714-92 0010-1224001765 aid0 a371. 32 a371. 32 TIM0 aTim kalisa Pena00aPaket 3in1 Siap Ulangan Harian dan Semester Ilmu Pengetahuan Sosial Kelas 9 SMP aBogorbHikmahc2009 a254 hlm.: ilus.; 26 cm aCet. 1 0aIlmu Sosial